000 00596nam a2200205Ia 4500
003 OSt
005 20230522144035.0
008 210423s1991 xx 000 0 und d
040 _cAL
041 _aeng
082 _a305.4
_223
_bKISH
100 _aKISHWAR (Madhu);VANITA (Reeth),Ed
_9110328
245 _aSearch of answers:indian womens voices from manushi
260 _aNew Delhi
_bManohar Publications
_c1991
365 _b280
_cINR
650 _aSociology
_9110329
650 _aWomen Studies
_9110330
906 _aanswers:indian ; manushi ; Search ; voices ; womens
942 _2ddc
_cBK
999 _c172673
_d172673